[Event "Hessen-ch Gr-C 64th"]
[Site "Bad Vilbel"]
[Date "2010.04.04"]
[Round "7"]
[White "Engelbert, Thomas"]
[Black "Faqiry, Ramat"]
[Result "1/2-1/2"]
[WhiteElo "1762"]
[BlackElo "1977"]
[PlyCount "97"]
[EventDate "2010.03.31"]
[EventType "swiss"]
[EventRounds "7"]
[EventCountry "GER"]
[SourceTitle "EXT 2011"]
[Source "ChessBase"]
[SourceDate "2010.11.26"]
[SourceVersion "1"]
[SourceVersionDate "2010.11.26"]
[SourceQuality "1"]

1. c4 c5 2. g3 g6 3. Bg2 Bg7 4. Nc3 e6 5. e4 d6 6. Nge2 Nc6 7. d3 Nge7 8. Be3 Nd4 9. 0-0 0-0 10. Rb1 Nec6 11. Qd2 Re8 12. Rbd1 a6 13. Bh6 Nxe2+ 14. Nxe2 Bf6 15. Be3 Nd4 16. f4 Rb8 17. b3 b5 18. Nxd4 cxd4 19. Bf2 e5 20. Rc1 Qb6 21. Qc2 Be7 22. cxb5 Qxb5 23. Qc4 Bd7 24. Qc2 Rbc8 25. Qd2 Qb7 26. Rxc8 Rxc8 27. Rc1 Rc7 28. Be1 Qc8 29. Rxc7 Qxc7 30. Qb2 Bb5 31. Qd2 Qc8 32. Bf3 exf4 33. gxf4 Bf6 34. Kg2 Qc3 35. Be2 h5 36. Kf3 Bd7 37. Kg2 Qc8 38. Qb4 Bh3+ 39. Kg1 Bg4 40. Qd2 Qc3 41. Bxg4 hxg4 42. Kg2 Qc5 43. Qf2 Bg7 44. Qe2 Kh7 45. Kg1 f5 46. exf5 gxf5 47. Qe8 Qd5 48. Bh4 Qf3 49. Qh5+ 1/2-1/2

[Event "Hessen-ch Gr-C 64th"]
[Site "Bad Vilbel"]
[Date "2010.04.01"]
[Round "2"]
[White "Tonn, Peter"]
[Black "Engelbert, Thomas"]
[Result "1/2-1/2"]
[WhiteElo "2000"]
[BlackElo "1762"]
[PlyCount "160"]
[EventDate "2010.03.31"]
[EventType "swiss"]
[EventRounds "7"]
[EventCountry "GER"]
[SourceTitle "EXT 2011"]
[Source "ChessBase"]
[SourceDate "2010.11.26"]
[SourceVersion "1"]
[SourceVersionDate "2010.11.26"]
[SourceQuality "1"]

1. d4 Nf6 2. Nf3 g6 3. c4 Bg7 4. Nc3 0-0 5. e4 d6 6. Be2 e5 7. dxe5 dxe5 8. Qxd8 Rxd8 9. Bg5 Re8 10. Rd1 c6 11. Nxe5 Nxe4 12. Nxe4 Bxe5 13. Nd6 Bxd6 14. Rxd6 Bf5 15. Kd2 Nd7 16. Be3 Nb6 17. b3 Rad8 18. Rxd8 Rxd8+ 19. Kc3 Be4 20. Rg1 f6 21. g4 g5 22. Rd1 Rxd1 23. Bxd1 Kf7 24. a4 Nc8 25. Kd4 Bg6 26. Bf3 Ke6 27. a5 Kd6 28. b4 b6 29. c5+ bxc5+ 30. bxc5+ Kd7 31. Kc3 Ne7 32. Bd4 Ke6 33. Kb4 Bd3 34. Kc3 Bg6 35. Kd2 Bb1 36. Ke3 Bg6 37. Bg2 h5 38. h3 hxg4 39. hxg4 Bc2 40. Kd2 Bb3 41. Bc3 Bc4 42. Bf3 Bd5 43. Be2 Ng6 44. Ke3 Nf4 45. Bf1 Ke7 46. f3 Ne6 47. Be2 Kf7 48. a6 Nf4 49. Bf1 Ke7 50. Ba5 Be6 51. Kd4 Bc8 52. Bb6 Bxa6 53. Bxa6 axb6 54. cxb6 Kd7 55. Bc4 Kc8 56. Ba6+ Kd7 57. Ke4 Nd5 58. Kf5 Kd6 59. Kg6 c5 60. Bb7 Nxb6 61. Kxf6 Nd5+ 62. Kxg5 c4 63. Ba6 c3 64. Bd3 Ke5 65. Bc2 Ne3 66. f4+ Ke6 67. Bb3+ Ke7 68. f5 Kf8 69. f6 c2 70. Bxc2 Nxc2 71. Kg6 Nb4 72. Kh7 Nd5 73. Kg6 Kg8 74. g5 Kf8 75. Kf5 Kf7 76. g6+ Kf8 77. Ke6 Nf4+ 78. Kf5 Nd5 79. Kg5 Kg8 80. f7+ Kg7 1/2-1/2

[Event "Hessen-ch Gr-C 64th"]
[Site "Bad Vilbel"]
[Date "2010.03.31"]
[Round "1"]
[White "Engelbert, Thomas"]
[Black "Kobs, Stephan"]
[Result "1/2-1/2"]
[WhiteElo "1762"]
[BlackElo "2020"]
[PlyCount "76"]
[EventDate "2010.03.31"]
[EventType "swiss"]
[EventRounds "7"]
[EventCountry "GER"]
[SourceTitle "EXT 2011"]
[Source "ChessBase"]
[SourceDate "2010.11.26"]
[SourceVersion "1"]
[SourceVersionDate "2010.11.26"]
[SourceQuality "1"]

1. c4 g6 2. g3 Bg7 3. Bg2 d6 4. Nc3 e5 5. d3 Nc6 6. f4 exf4 7. Bxf4 g5 8. Bd2 h6 9. Nh3 Be6 10. Rb1 Qd7 11. Nf2 Nge7 12. Qb3 Rb8 13. e3 0-0 14. Nd5 Ne5 15. Nxe7+ Qxe7 16. 0-0 b5 17. Qa3 bxc4 18. d4 Ng4 19. Qxa7 Nxf2 20. Rxf2 d5 21. a3 Ra8 22. Qb7 Rfb8 23. Qc6 Qd8 24. Bb4 Rb6 25. Qc5 Bf8 26. Qxf8+ Qxf8 27. Bxf8 Kxf8 28. Rc1 Rab8 29. Rcc2 Rb3 30. e4 c6 31. Kf1 Rd3 32. Rfd2 Rxd2 33. Rxd2 Rb3 34. Ke2 c3 35. bxc3 Rxc3 36. Rd3 Rc2+ 37. Rd2 Rc3 38. Rd3 Rc2+ 1/2-1/2

[Event "Hessen-ch Gr-C"]
[Site "Idstein"]
[Date "2009.04.08"]
[Round "1"]
[White "Larem, Peter"]
[Black "Engelbert, Thomas"]
[Result "1-0"]
[WhiteElo "1935"]
[BlackElo "1716"]
[PlyCount "47"]
[EventDate "2009.04.08"]
[EventType "swiss"]
[EventRounds "7"]
[EventCountry "GER"]
[SourceTitle "EXT 2010"]
[Source "ChessBase"]
[SourceDate "2010.11.25"]
[SourceVersion "1"]
[SourceVersionDate "2010.11.25"]
[SourceQuality "1"]

1. e4 c6 2. d4 d5 3. Nc3 dxe4 4. Nxe4 Nd7 5. Nf3 Ngf6 6. Nxf6+ Nxf6 7. Bc4 e6 8. Bg5 Be7 9. Qe2 0-0 10. 0-0-0 b5 11. Bd3 Bb7 12. h4 Nd5 13. Qe4 g6 14. Bh6 Re8 15. h5 Nf6 16. Qe5 Qd6 17. hxg6 hxg6 18. Bf4 Qxe5 19. Bxe5 Nh7 20. Rxh7 f6 21. Rdh1 fxe5 22. Rh8+ Kg7 23. R1h7+ Kf6 24. dxe5# 1-0

[Event "Karl Mala Memorial op 09th"]
[Site "Frankfurt"]
[Date "2005.07.31"]
[Round "7"]
[White "Engelbert, Thomas"]
[Black "Fassmann, Kurt"]
[Result "1/2-1/2"]
[WhiteElo "1564"]
[BlackElo "2062"]
[PlyCount "72"]
[EventDate "2005.07.28"]
[EventType "swiss"]
[EventRounds "7"]
[EventCountry "GER"]
[SourceTitle "EXT 2006"]
[Source "ChessBase"]
[SourceDate "2005.11.24"]
[SourceVersion "1"]
[SourceVersionDate "2005.11.24"]
[SourceQuality "1"]

1. c4 e6 2. g3 d5 3. Bg2 c6 4. b3 Be7 5. Bb2 Bf6 6. d4 Ne7 7. e3 0-0 8. Ne2 Re8 9. 0-0 Ng6 10. Nd2 e5 11. cxd5 cxd5 12. dxe5 Bxe5 13. Bxe5 Nxe5 14. Nf4 Be6 15. Nf3 Bg4 16. h3 Bxf3 17. Bxf3 Nxf3+ 18. Qxf3 Nc6 19. Qxd5 Qf6 20. Qb5 Rab8 21. Rfd1 a6 22. Qe2 Rbd8 23. Qc2 g6 24. a3 Ne5 25. Kg2 Rc8 26. Qe2 Qc6+ 27. f3 Qc2 28. Rab1 Qxe2+ 29. Nxe2 Rc2 30. Kf2 Ra2 31. f4 Nc6 32. Ra1 Rb2 33. b4 a5 34. bxa5 Nxa5 35. Rdb1 Rc2 36. Rc1 Rb2 1/2-1/2

[Event "Karl Mala Memorial op 09th"]
[Site "Frankfurt"]
[Date "2005.07.31"]
[Round "6"]
[White "Sefeloge, Michael"]
[Black "Engelbert, Thomas"]
[Result "1/2-1/2"]
[WhiteElo "1929"]
[BlackElo "1564"]
[PlyCount "118"]
[EventDate "2005.07.28"]
[EventType "swiss"]
[EventRounds "7"]
[EventCountry "GER"]
[SourceTitle "EXT 2006"]
[Source "ChessBase"]
[SourceDate "2005.11.24"]
[SourceVersion "1"]
[SourceVersionDate "2005.11.24"]
[SourceQuality "1"]

1. d4 Nf6 2. c4 g6 3. Nf3 Bg7 4. e3 0-0 5. b3 d6 6. Bb2 c5 7. Be2 Nc6 8. 0-0 Bf5 9. Nc3 cxd4 10. Nxd4 Nxd4 11. exd4 Ne4 12. Nxe4 Bxe4 13. Bf3 Bc6 14. Re1 Qc7 15. Qe2 Bxf3 16. Qxf3 Rfe8 17. Re2 e6 18. Rae1 Rad8 19. Qf4 Qa5 20. a4 Qb6 21. Qe3 d5 22. c5 Qc6 23. f4 Bh6 24. Qf2 Qc7 25. Bc1 Bg7 26. Be3 a5 27. Rb1 Ra8 28. Rc2 Ra6 29. Qe2 Qc6 30. Qb5 Rea8 31. Ra2 Bf6 32. b4 R8a7 33. Qxc6 Rxc6 34. bxa5 Rca6 35. Rab2 Rxa5 36. Rxb7 Rxb7 37. Rxb7 Rxa4 38. c6 Rc4 39. c7 Kg7 40. Kf2 Rc2+ 41. Kf3 Rc3 42. g4 h6 43. Ke2 g5 44. Bd2 Rc4 45. fxg5 Bxg5 46. Bb4 Bf4 47. Bc5 Bxc7 48. Rxc7 Rc2+ 49. Kf3 Rxh2 50. Rb7 Rc2 51. Rb3 Kg6 52. Re3 Rc1 53. Re5 Rg1 54. Bf8 Rd1 55. Bc5 Rd3+ 56. Kf4 Rd1 57. Rh5 Rf1+ 58. Ke5 Re1+ 59. Kf4 Rf1+ 1/2-1/2

[Event "Karl Mala Memorial op 09th"]
[Site "Frankfurt"]
[Date "2005.07.29"]
[Round "3"]
[White "Adam, Jakob"]
[Black "Engelbert, Thomas"]
[Result "0-1"]
[WhiteElo "1249"]
[BlackElo "1564"]
[PlyCount "76"]
[EventDate "2005.07.28"]
[EventType "swiss"]
[EventRounds "7"]
[EventCountry "GER"]
[SourceTitle "EXT 2006"]
[Source "ChessBase"]
[SourceDate "2005.11.24"]
[SourceVersion "1"]
[SourceVersionDate "2005.11.24"]
[SourceQuality "1"]

1. d4 Nf6 2. c4 g6 3. Nc3 Bg7 4. e4 d6 5. f3 e5 6. d5 Nbd7 7. Be3 0-0 8. Bd3 c6 9. Nge2 cxd5 10. cxd5 a6 11. Qd2 Qc7 12. g4 b5 13. h4 h5 14. gxh5 Nxh5 15. Bc2 Nb6 16. b3 Nd7 17. 0-0-0 Bb7 18. Rdg1 Rac8 19. Kb1 Kh7 20. Nd1 Rh8 21. Ng3 Ndf6 22. Ne2 Kg8 23. Nf2 a5 24. a3 Ba6 25. Bd3 Qb7 26. Ng4 Nd7 27. Ng3 b4 28. Bxa6 Qxa6 29. a4 Rc3 30. Kb2 Nc5 31. Bxc5 Rxc5 32. Ne2 Kh7 33. Rc1 Rhc8 34. Ne3 Bh6 35. Rxc5 Rxc5 36. Rc1 Rxc1 37. Nxc1 Qa7 38. f4 Bxf4 0-1

[Event "Rhein Main op 08th"]
[Site "Bad Homburg"]
[Date "2005.05.30"]
[Round "7"]
[White "Engelbert, Thomas"]
[Black "Arnold, Michael"]
[Result "0-1"]
[WhiteElo "1515"]
[BlackElo "1674"]
[PlyCount "32"]
[EventDate "2005.05.25"]
[EventType "swiss"]
[EventRounds "7"]
[EventCountry "GER"]
[SourceTitle "EXT 2006"]
[Source "ChessBase"]
[SourceDate "2005.11.24"]
[SourceVersion "1"]
[SourceVersionDate "2005.11.24"]
[SourceQuality "1"]

1. c4 e5 2. Nc3 Nc6 3. g3 f5 4. d3 Nf6 5. Bg2 Bc5 6. Bg5 0-0 7. Nd5 Bxf2+ 8. Kxf2 Ng4+ 9. Ke1 Qxg5 10. Nxc7 Ne3 11. Bd5+ Kh8 12. Qd2 f4 13. Nf3 Qh6 14. Bxc6 fxg3 15. Be4 g2 16. Rg1 Qh4+ 0-1

[Event "Rhein Main op 08th"]
[Site "Bad Homburg"]
[Date "2005.05.27"]
[Round "4"]
[White "Engelbert, Thomas"]
[Black "Sefeloge, Michael"]
[Result "1/2-1/2"]
[WhiteElo "1515"]
[BlackElo "1683"]
[PlyCount "95"]
[EventDate "2005.05.25"]
[EventType "swiss"]
[EventRounds "7"]
[EventCountry "GER"]
[SourceTitle "EXT 2006"]
[Source "ChessBase"]
[SourceDate "2005.11.24"]
[SourceVersion "1"]
[SourceVersionDate "2005.11.24"]
[SourceQuality "1"]

1. d4 d5 2. c4 e6 3. Nc3 Nf6 4. Nf3 Be7 5. Bg5 0-0 6. e3 Nbd7 7. Bd3 dxc4 8. Bxc4 b6 9. 0-0 Bb7 10. Rc1 c5 11. Be2 Rc8 12. Qb3 cxd4 13. Nxd4 Nc5 14. Qd1 Nfe4 15. Bxe7 Qxe7 16. Nxe4 Bxe4 17. Bf3 Rfd8 18. Bxe4 Nxe4 19. Rxc8 Rxc8 20. Qe2 Qc5 21. f3 Nf6 22. Nb3 Qe5 23. e4 g6 24. Kh1 Qf4 25. Rd1 Kg7 26. Qd2 Qxd2 27. Rxd2 a5 28. Kg1 Rc4 29. Rd4 Rc6 30. Kf2 e5 31. Rd2 a4 32. Na1 h5 33. Nc2 g5 34. Ne3 Rc5 35. Rc2 Rxc2+ 36. Nxc2 Nd7 37. Ne3 Kf6 38. Nd5+ Ke6 39. Nc3 Nc5 40. Ke3 Kd6 41. Nd5 b5 42. Nf6 h4 43. Nd5 Ne6 44. Kd3 Nf4+ 45. Nxf4 gxf4 46. a3 Kc6 47. Kc3 Kc5 48. b4+ 1/2-1/2